000 01611nam a2200301 i 4500
001 768714001
003 CO-MdFUSB
005 20220211090402.0
007 ta
008 220211t1986 -us |||| |||| 00| 0 spa d
020 _a0829719660
040 _aCO-MdFUSB
_bspa
_cCO-MdFUSB
_dCO-MdFUSBC
_erda
041 _aspa
082 _223
_a248
_bSA194
100 _aSanders, J. Oswald,
_eautor
245 _aEn busca de la madurez
_c/ J. Oswald Sanders
264 1 _aEstados Unidos :
_bVida,
_c[1986]
264 4 _c© 1986
300 _a190 páginas
_c; 22 cm
336 _2rdacontent
_atexto
_btxt
337 _2rdamedia
_asin mediación
_bn
338 _2rdacarrier
_avolumen
_bnc
505 _aEn busca de la madurez. -- ¿Qué constituye la madurez cristiana? -- La infancia excesivamente prolongada. -- Se puede medir la madurez. -- La función de la fe en la madurez. -- No hay madurez sin discipulado. -- La edad o se iguala con la madurez. -- La madurez en la vida de oración. -- La madurez mediante tentación y pruebas. -- Reacciones maduras a las circunstancias. -- EL fuego del Espíritu que produce madurez. -- El atractivo de la madurez. -- Sin arado no hay madurez. -- La madurez exige disciplina. -- La madurez de conciencia. -- El lugar de habito en la madurez. -- La conducta cristiana madura. -- La ayuda del Espíritu para alcanzar la madurez. -- El nuevo pacto hace posible la madurez. -- La senilidad indebidamente prematura. -- impedimentos satánicos a la madurez. -- El poder para la madurez.
563 _aRústico
650 0 _919
_aVida cristiana
942 _cBK
945 _aJTF-925
999 _c67152
_d67152